Từ ngõ Huế xưa : Bút ký và tiểu luận
Quyển sách được tác giả viết khá cảm xúc và thực tế, khơi lại những gì rất đặc trưng Huế qua hai thể loại; bút ký ( mưa Huế, cơm hến,...) và tiểu luận với dòng sông biệt xứ, tượng đài công chúa Huyền Trân,......
Gorde:
| Egile nagusia: | |
|---|---|
| Formatua: | Liburua |
| Hizkuntza: | Undetermined |
| Argitaratua: |
Thanh Hoá
Thuận Hoá
2006
|
| Gaiak: | |
| Etiketak: |
Etiketa erantsi
Etiketarik gabe, Izan zaitez lehena erregistro honi etiketa jartzen!
|
| Thư viện lưu trữ: | Trung tâm Học liệu Trường Đại học Cần Thơ |
|---|
| LEADER | 00929nam a2200217Ia 4500 | ||
|---|---|---|---|
| 001 | CTU_106871 | ||
| 008 | 210402s9999 xx 000 0 und d | ||
| 020 | |c 55000 | ||
| 082 | |a 895.922807 | ||
| 082 | |b Đ406 | ||
| 100 | |a Trần, Kiêm Đoàn | ||
| 245 | 0 | |a Từ ngõ Huế xưa : | |
| 245 | 0 | |b Bút ký và tiểu luận | |
| 245 | 0 | |c Trần Kiếm Đoàn | |
| 260 | |a Thanh Hoá | ||
| 260 | |b Thuận Hoá | ||
| 260 | |c 2006 | ||
| 520 | |a Quyển sách được tác giả viết khá cảm xúc và thực tế, khơi lại những gì rất đặc trưng Huế qua hai thể loại; bút ký ( mưa Huế, cơm hến,...) và tiểu luận với dòng sông biệt xứ, tượng đài công chúa Huyền Trân,... | ||
| 650 | |a Vietnamese literature | ||
| 904 | |i Năm | ||
| 980 | |a Trung tâm Học liệu Trường Đại học Cần Thơ | ||